AFL Premiership Captains since 1990 - Statistics

General Stats
  • This quiz has been taken 111 times
    31 since last reset
  • The average score is 30 of 38
Answer Stats
Year Club Answer % Correct
2022 Geelong Joel Selwood
100%
2024 Brisbane Lachie Neale
100%
2025 Brisbane Lachie Neale
100%
2021 Melbourne Max Gawn
100%
2017 Richmond Trent Cotchin
100%
2019 Richmond Trent Cotchin
100%
2020 Richmond Trent Cotchin
100%
2023 Collingwood Darcy Moore
96%
2024 Brisbane Harris Andrews
96%
2025 Brisbane Harris Andrews
96%
2013 Hawthorn Luke Hodge
96%
2014 Hawthorn Luke Hodge
96%
2015 Hawthorn Luke Hodge
96%
2000 Essendon James Hird
93%
2001 Brisbane Michael Voss
89%
2002 Brisbane Michael Voss
89%
2003 Brisbane Michael Voss
89%
2006 West Coast Chris Judd
86%
2016 Western Bulldogs Easton Wood
86%
1996 North Melbourne Wayne Carey
86%
1999 North Melbourne Wayne Carey
86%
2008 Hawthorn Sam Mitchell
82%
2018 West Coast Shannon Hurn
82%
2011 Geelong Cameron Ling
79%
2010 Collingwood Nick Maxwell
71%
2007 Geelong Tom Harley
64%
2009 Geelong Tom Harley
64%
1990 Collingwood Tony Shaw
64%
2004 Port Adelaide Warren Tredrea
64%
2005 Sydney Barry Hall
57%
1991 Hawthorn Michael Tuck
57%
1992 West Coast John Worsfold
54%
1994 West Coast John Worsfold
54%
1995 Carlton Stephen Kernahan
54%
1997 Adelaide Mark Bickley
43%
1998 Adelaide Mark Bickley
43%
1993 Essendon Mark Thompson
39%
2012 Sydney Jarrad McVeigh
29%
No matching quizzes found
Score Distribution
Percent of People with Each Score
Percentile by Number Answered
Your Score History
You have not taken this quiz since the last reset